La sociedad abierta y sus enemigos; tomo 2 /
Guardado en:
| Autor Principal: | |
|---|---|
| Formato: | Libro |
| Publicado: |
Buenos Aires :
Paidos,
1967
|
| Materias: | |
| Etiquetas: |
Agregar Etiqueta
Sin Etiquetas, Sea el primero en etiquetar este registro!
|
| LEADER | 00652nam a22002175a 4500 | ||
|---|---|---|---|
| 001 | CEM.cems005129 | ||
| 005 | 20060220000000.0 | ||
| 008 | 130507s1967##################000#0#####d | ||
| 003 | CEMS | ||
| 082 | 0 | 4 | |a 321.4 |
| 100 | 1 | |a Popper, Karl | |
| 245 | 1 | 0 | |a La sociedad abierta y sus enemigos; tomo 2 / |
| 260 | |a Buenos Aires : |b Paidos, |c 1967 | ||
| 300 | |a 401 p. | ||
| 653 | |a Capitalismo | ||
| 653 | |a Conocimiento-sociologia | ||
| 653 | |a Historia-significado | ||
| 653 | |a Historicismo economico | ||
| 653 | |a Marxismo | ||
| 859 | |a CEMS |b BIB. CEMS - 11 de abril |h 321.4 |i P746/2 |p 547.73 |t Ej.1 | ||
| 859 | |a CEMS |b BIB. CEMS - 11 de abril |h 321.4 |i P746/2 |p 588.73 |t Ej.2 | ||
